A malária aetiológiája
Elmentve itt :
| Szerző: | |
|---|---|
| Dokumentumtípus: | Cikk |
| Megjelent: |
1920
|
| Sorozat: | Kolligátum
|
| Kulcsszavak: | Orvostudomány, Malária |
| Online Access: | http://misc.bibl.u-szeged.hu/22914 |
| LEADER | 00528nab a2200169 i 4500 | ||
|---|---|---|---|
| 001 | misc22914 | ||
| 005 | 20191108150412.0 | ||
| 008 | 170728s1920 hu o 0|| zxx d | ||
| 040 | |a SZTE Miscellanea Repozitórium |b hun | ||
| 041 | |a zxx | ||
| 100 | 1 | |a Jancsó Miklós | |
| 245 | 1 | 2 | |a A malária aetiológiája |h [elektronikus dokumentum] / |c Jancsó Miklós |
| 260 | |c 1920 | ||
| 300 | |a 11-30 | ||
| 490 | 0 | |a Kolligátum | |
| 695 | |a Orvostudomány, Malária | ||
| 856 | 4 | 0 | |u http://misc.bibl.u-szeged.hu/22914/1/22628_011-030.pdf |z Dokumentum-elérés |